| 000 | 00453nam a22001337a 4500 | ||
|---|---|---|---|
| 008 | 230405b |||||||| |||| 00| 0 eng d | ||
| 040 |
_aNational Science Library _cNational Science Library |
||
| 080 |
_a061.1.45:621.31(047) _bL2 |
||
| 245 |
_aReport of power economy committee _c/ GOI, Ministry of Irrigation and Power |
||
| 260 |
_aNew Delhi: _bGOI, Ministry of Irrigation and Power _c1971 |
||
| 300 | _a89p. | ||
| 650 | _aEconomy | ||
| 942 |
_2udc _cREP |
||
| 999 |
_c18650 _d18650 |
||